ARRUPE JESUIT UNIVERSITY

CORONAVIRUS -STOP THE SPREAD - CLEAN,DISINFECT,COVER

Year of decision: (Record no. 47342)

MARC details
000 -LEADER
fixed length control field 00477nam a2200193Ia 4500
003 - CONTROL NUMBER IDENTIFIER
control field 0100
005 - DATE AND TIME OF LATEST TRANSACTION
control field 20180301143758.0
008 - FIXED-LENGTH DATA ELEMENTS--GENERAL INFORMATION
fixed length control field 130303s9999 xx 000 0 und d
040 ## - CATALOGING SOURCE
Transcribing agency ARRUPELIB
050 ## - LIBRARY OF CONGRESS CALL NUMBER
Classification number DT856.M3 1960
300 ## - PHYSICAL DESCRIPTION
Other physical details 282p. 21cm.
100 ## - MAIN ENTRY--PERSONAL NAME
Personal name Mason, Philip
9 (RLIN) 26477
245 ## - TITLE STATEMENT
Title Year of decision:
Remainder of title Rhodesia and Nyasaland in 1960 /
260 ## - PUBLICATION, DISTRIBUTION, ETC. (IMPRINT)
Place of publication, distribution, etc London
Name of publisher, distributor, etc Oxford University Press
Date of publication, distribution, etc 1960
300 ## - PHYSICAL DESCRIPTION
Extent x
650 ## - SUBJECT ADDED ENTRY--TOPICAL TERM
Topical term or geographic name as entry element Rhodesia and Nyasaland
General subdivision Politics
9 (RLIN) 13484
650 ## - SUBJECT ADDED ENTRY--TOPICAL TERM
Topical term or geographic name as entry element Rhodesia and Nyasaland
General subdivision Race problems
9 (RLIN) 40045
942 ## - ADDED ENTRY ELEMENTS (KOHA)
Source of classification or shelving scheme Library of Congress Classification
Koha item type Monograph ( Printed materials)
Holdings
Withdrawn status Lost status Source of classification or shelving scheme Damaged status Not for loan Collection code Home library Current library Shelving location Date acquired Total Checkouts Full call number Barcode Date last seen Copy number Price effective from Koha item type
    Library of Congress Classification     Main Collection ARRUPE LIBRARY ARRUPE LIBRARY Main Collection 04/03/2013   DT856.M3 1960 46003034447 07/12/2017 1 04/03/2013 Monograph ( Printed materials)
    Library of Congress Classification     Main Collection ARRUPE LIBRARY ARRUPE LIBRARY Main Collection 24/10/2018   DT856.M3 1960 46600003024 24/10/2018   24/10/2018 Monograph ( Printed materials)

 

Arrupe Library. PO Box MP320 Mt Pleasant, Harare, Zimbabwe
263 242 745411|librarian@aju.ac.zw